000
00331nam a2200145Ia 4500
003
OSt
008
191201s2005 xx 000 0 und d
082
_a
372.62
_b
RIE
100
_a
RIZVI, Mashraf
245
0
_a
Effective Technical Communication
260
_a
New Delhi
_b
TMH
_c
2005
300
_a
545
650
_a
MBA
942
_2
ddc
_c
BK
999
_c
156
_d
156